000 00701nam a2200253 a 4500
001 adlib96000001
003 ViArRB
005 200902210153555.7
008 960221s1955 dcuabcdjdbkoqu001 0deng d
020 _a1-4020-0684-5
022 _a
040 _aAdlib
082 _a551.583
245 _a Sun and space weather.
250 _a
260 _aDordrecht
_bKluwer Academic
_c2002
300 _aux, 243p.
_c
500 _a
100 _aHanslmeier, Arnold
_e
700 _a
_a
942 _cBK
653 _aSun and climate
_aSpace weather
_aSolar activity
_aEarth's climate
952 _w2010-06-16
_p00051277
_r2010-06-16
_40
_00
_bUL
_10
_o551.583 HAN
_d2010-06-16
_70
_yBK
_aUL
999 _c46721
_d46720